[Event "Anderssen Memorial Open-A 2020"]
[Site "Wroclaw"]
[Date "2020.08.02"]
[Round "2.4"]
[White "Sieciechowicz, Marcin"]
[Black "Jankowiak, Tomasz"]
[Result "1-0"]
[WhiteElo "2372"]
[BlackElo "2115"]
[Annotator "TA"]
[PlyCount "91"]
[EventDate "2020.08.01"]
[EventType "swiss"]
[EventCountry "POL"]
[SourceTitle "playchess.com"]
[Source "ChessBase"]
[SourceQuality "1"]

{[%evp 34,91,22,35,51,31,17,37,54,45,46,0,0,-130,-122,-122,-118,-91,-27,0,18,25,283,278,260,246,224,243,192,32,119,124,88,55,99,73,39,-234,-228,-477,-472,-2351,-2311,-2143,-1983,-1497,-1083,-917,-693,-1951,-665,-531,-458,-1031,0,0,5925,5925,5925,5925]} 1. d4 d5 2. c4 c6 3. Nf3 Nf6 4. Nc3 e6 5. Bg5 dxc4 6. e4 b5 7. e5 h6 8. Bh4 g5 9. Nxg5 hxg5 10. Bxg5 Nbd7 11. g3 Bb7 12. Bg2 Qb6 13. exf6 O-O-O 14. O-O c5 15. d5 b4 16. Na4 Qa6 17. a3 Bxd5 18. Bxd5 Ne5 $1 {D44: Semi-Slav: Botvinnik System.} 19. axb4 Rxd5 20. Qe2 {Black must now prevent Nc3.} cxb4 {White is slightly better.} 21. Nc3 $1 Qd6 {21...Ra5 is vanishing.} 22. Ne4 Qc6 $1 {[#]} 23. f3 $146 (23. Bf4 $11 a5 24. Bxe5 Rxe5 25. f3) ({Predecessor:} 23. Bf4 Kb7 24. Bxe5 Rxe5 25. Rfe1 a5 26. h4 a4 27. f4 Rd5 28. Kh2 Bc5 29. Nd2 {½-½ (39) Vliet,E (2213)-Cakl,M (2206) ICCF email 2018}) 23... Kb7 24. Be3 a5 25. Rfd1 Nd3 (25... Qa6 $17 26. f4 c3 27. Qxa6+ Kxa6 28. bxc3 Ng4) 26. b3 $1 $36 {[%mdl 2048] White has the initiative.} Ne5 27. Rxd5 Qxd5 $4 {[%mdl 8192]} (27... exd5 $11 {and Black stays safe.} 28. Rxa5 dxe4 29. Rxe5 Bd6 30. Rxe4 cxb3) 28. Rd1 $18 Qc6 29. Bd4 $1 {[%cal Rd4e5]} Nd7 30. bxc4 a4 {[%cal Ba5a4,Ba4a3][%mdl 32]} 31. c5 $2 (31. Ng5 $1 $18 {[%cal Rg5f7]} Bc5 32. Bxc5 (32. Nxf7 Rf8 $16) 32... Qxc5+ 33. Kg2 Qxg5 34. h4 Qxf6 35. Rxd7+ Kc8 36. Ra7) 31... Nxc5 (31... Rh5 $14) 32. Rc1 $16 {[%cal Re4c5]} Rh5 {Black wants to play ...Rd5.} 33. Qc4 {[%mdl 64] Double Attack} b3 $1 34. g4 (34. Bxc5 $2 Rxc5 35. Nxc5+ Qxc5+ 36. Qxc5 Bxc5+ 37. Rxc5 Ka6 $19) 34... Rd5 {With the idea ...Qb6.} 35. g5 $2 {[%mdl 8192] [#]} ({Not} 35. Bxc5 $2 Bxc5+ 36. Nxc5+ Qxc5+ 37. Qxc5 Rxc5 $19) (35. Kg2 $1 $14 {was the only good move.}) 35... a3 $1 $19 {Threatens to win with ...Rxd4!} 36. g6 $2 (36. Nxc5+ {was the only defense.} Bxc5 37. Qxb3+ Qb6 38. Qxb6+ Bxb6 39. Bxb6 Rxg5+ 40. Kf2 Kxb6 41. Ra1) 36... b2 37. g7 (37. Bxb2 $142 axb2 38. g7 bxc1=Q+ {[%mdl 64] Promotion} 39. Qxc1 Bxg7 {[%mdl 64] Promotion} 40. fxg7 Nxe4 41. Qxc6+ Kxc6 42. g8=R Rd1+ 43. Kg2 Rd2+ 44. Kh3) 37... Rxd4 $1 {[%mdl 64] Double Attack} 38. Qc2 bxc1=Q+ {[%mdl 64] Promotion} 39. Qxc1 {[#]} Bxg7 $1 40. fxg7 Nxe4 41. Qxc6+ Kxc6 42. g8=Q {[#]} a2 $1 {[%cal Ra2a1]} ({Weaker is} 42... Rd1+ 43. Kg2 $15) 43. Qa8+ Kd6 $2 (43... Kb5 $19 44. Qxa2 Rd1+ 45. Kg2 Rd2+ 46. Qxd2 Nxd2) 44. Qd8+ $1 $11 Ke5 $2 {[%mdl 8192] [#]} (44... Kc5 $11 45. Qa5+ {[%mdl 64] Double Attack} Kd6 46. Qd8+ Kc5 47. Qa5+ {[%mdl 64] Double Attack} Kd6 48. Qb6+ Kd5 49. Qa5+ (49. fxe4+ Kc4 $11) 49... Kd6) 45. f4+ $1 $18 {[%mdl 512]} Kf5 (45... Kxf4 46. Qxd4) 46. Qxd4 {Accuracy: White = 56%, Black = 88%.} 1-0

[Event "Anderssen Memorial Open-A 2020"]
[Site "Wroclaw"]
[Date "2020.08.02"]
[Round "2.5"]
[White "Kopylov, Daniel"]
[Black "Trybus, Daniel"]
[Result "1-0"]
[WhiteElo "2348"]
[BlackElo "1950"]
[Annotator "TA"]
[PlyCount "59"]
[EventDate "2020.08.01"]
[EventType "swiss"]
[EventCountry "POL"]
[SourceTitle "playchess.com"]
[Source "ChessBase"]
[SourceQuality "1"]

{[%evp 20,59,20,23,51,38,48,57,288,94,91,91,89,93,175,108,181,170,163,151,159,168,218,215,390,331,729,712,29989,363,430,360,483,482,581,587,585,587,567,524,29989,29990]} 1. e4 c5 2. Nf3 d6 3. d4 cxd4 4. Nxd4 Nf6 5. Nc3 a6 6. Be3 e6 7. Be2 Be7 8. f4 Qc7 9. O-O Nc6 10. Qe1 Nxd4 11. Bxd4 b5 {B84: Sicilian Scheveningen: 6 Be2 a6, lines without early Be3.} 12. e5 dxe5 13. fxe5 Bc5 $2 (13... Nd7 $14) 14. Qf2 $2 (14. Bxc5 $1 $18 {is the precise move to win.} Qxc5+ 15. Kh1) 14... Bxd4 $16 15. Qxd4 Nd7 16. Bxb5 $1 {[#]} Rb8 $146 (16... O-O $16) ({Predecessor:} 16... axb5 17. Nxb5 Qxe5 18. Nd6+ Kf8 19. Qb4 Rb8 20. Rxf7+ Kg8 21. Rxd7 Bb7 22. Nxb7 Rf8 23. Rd8 Qe3+ 24. Kh1 {1-0 (24) Preethi,R (2031)-Ashwin,J (2439) Bhubaneswar 2011}) 17. Bxd7+ (17. Ne4 $1 $18 {[%cal Re4d6]} O-O 18. Bxd7 Bxd7 19. c4) 17... Bxd7 (17... Qxd7 $16 18. Qxd7+ Bxd7) 18. Ne4 $1 $18 {[%cal Re4d6] Hoping for Nd6+.} O-O 19. c4 $36 {[%mdl 2048] Keeping Black busy.} Bc6 20. Nd6 Qa5 21. Rf2 Rb4 $2 (21... Qb6 22. Qxb6 Rxb6) 22. Raf1 {[%cal Rd6f7]} Be8 $2 (22... Qb6 23. Qxb6 Rxb6 24. Rxf7 Rxf7 25. Rxf7 Rxb2) 23. Nxe8 Rxe8 {[#]} 24. Rxf7 $2 (24. Qd7 $1 {mates} h6 25. Qxe8+ Kh7 26. Rxf7 Qc5+ 27. Kh1 Qxc4 {[#]} 28. Rxg7+ $1 {[%mdl 512]} Kxg7 29. Rf7+ Kg6 30. Rf6+ $1 {[%mdl 576] Double Attack} Kg5 31. Qg6+ {[%mdl 64] Double Attack} Kh4 32. Qxh6+ Kg4 33. Qg7+ Kh5 34. Rh6#) 24... Rbb8 25. b3 Rbd8 26. Qf4 {And now Qg5! would win.} Qc5+ 27. Kh1 Kh8 28. Qg5 {[%csl Gf7][%cal Rg5g7]} Rg8 {[#]} 29. Rxg7 $1 {[%mdl 512]} Qf2 {[%cal Rf2f1]} (29... Rxg7 30. Qxd8+) 30. Rxg8+ {Accuracy: White = 65%, Black = 25%.} (30. Rxf2 $2 {is a self mate.} Rd1+ 31. Rf1 Rxf1#) 1-0

[Event "Anderssen Memorial Open-A 2020"]
[Site "Wroclaw"]
[Date "2020.08.02"]
[Round "2.6"]
[White "Peglau, Dora"]
[Black "Zwahr, Paul"]
[Result "0-1"]
[WhiteElo "1704"]
[BlackElo "2277"]
[Annotator "TA"]
[PlyCount "54"]
[EventDate "2020.08.01"]
[EventType "swiss"]
[EventCountry "POL"]
[SourceTitle "playchess.com"]
[Source "ChessBase"]
[SourceQuality "1"]

{[%evp 15,54,25,23,25,28,-22,32,-100,-91,-102,-91,-84,0,0,0,-16,0,-12,0,-1,0,0,0,0,0,0,0,-6,-6,-34,-39,-74,-62,-185,-180,-339,-336,-327,-323,-1078,-1074]} 1. d4 Nf6 2. c4 g6 3. f3 Bg7 4. e4 d6 5. Nc3 O-O 6. Be3 c5 7. Nge2 Nc6 8. Qd2 Qa5 {8...e6 is not played anymore.} 9. Rd1 {E81: King's Indian: Sämisch: 6th move deviations (including 6 Be3 c6).} a6 10. a3 Bd7 (10... b5 $11) 11. Nd5 (11. dxc5 $14 {stays ahead.} dxc5 12. Nf4) 11... Nxd5 $17 12. cxd5 Qxd2+ 13. Rxd2 {[#]} Nxd4 ({Better is} 13... Na5 $1 $17 {...Nc4 is the strong threat.} 14. dxc5 Nc4) 14. Nxd4 $11 cxd4 15. Bxd4 Rfc8 16. Bxg7 Kxg7 17. Bd3 Rc5 18. Rc2 Rxc2 19. Bxc2 {[%mdl 4096] Endgame KRB-KRB} Rc8 20. Kd2 {[#]} f5 $146 ({Predecessor:} 20... Kf6 21. Bd3 Ke5 22. Ke3 f5 23. f4+ Kf6 24. Kd4 fxe4 25. Bxe4 Bf5 {0-1 (55) Lakshmi,N (2155)-Kathmale,S (2248) Abu Dhabi 2016}) 21. Rc1 Kf6 22. Re1 f4 23. b4 Ke5 24. Bb3 {White does not recover from this.} (24. g3 $15) 24... Kd4 $19 25. Rd1 $2 (25. Ra1) 25... Bb5 26. a4 {[#]} Bd3 $1 {And now ...Rc3 would win.} 27. g3 $2 (27. Ra1 Rc3 28. Bd1) 27... Rc3 {Accuracy: White = 32%, Black = 89%.} 0-1

[Event "Anderssen Memorial Open-A 2020"]
[Site "Wroclaw"]
[Date "2020.08.02"]
[Round "2.7"]
[White "Mondrzycki, Bartlomiej"]
[Black "Nguyen, Alex Dac-Vuong"]
[Result "0-1"]
[WhiteElo "2140"]
[BlackElo "2366"]
[Annotator "TA"]
[PlyCount "60"]
[EventDate "2020.08.01"]
[EventType "swiss"]
[EventCountry "POL"]
[SourceTitle "playchess.com"]
[Source "ChessBase"]
[SourceQuality "1"]

{[%evp 15,60,18,11,13,0,-18,-16,-20,19,25,12,13,13,19,11,5,6,-49,-57,-50,-14,-24,-14,-56,-60,-49,237,237,326,233,177,10,0,0,243,0,13,-33,-42,-122,-125,-161,-144,-534,-516,-506,-499]} 1. Nf3 Nf6 2. c4 c5 3. g3 d5 4. cxd5 Nxd5 5. Bg2 Nc6 6. Nc3 Nc7 7. a3 e5 8. b4 f6 9. Rb1 {now scores much better than the old 9.bxc5. A34: Symmetrical English: 2 Nc3, lines with ...d5.} Rb8 {[%cal Rc5b4]} 10. bxc5 Bxc5 {[#]} 11. Qc2 $146 {The position is equal.} ({Predecessor:} 11. O-O O-O 12. d3 Be6 13. Qc2 Be7 14. Ne4 Bf7 15. Rd1 Ne6 16. e3 Qd7 17. d4 exd4 18. exd4 {½-½ (44) Ornstein,A (2392)-Barbot,P (2271) Agneaux 2012}) 11... Ne6 12. e3 O-O 13. O-O Bd7 14. Rd1 Qe7 15. Qa2 {Threatens to win with d4.} Kh8 16. d4 (16. Ne4 $11) 16... exd4 $15 17. exd4 Ncxd4 18. Nxd4 Bxd4 19. Ne2 Bc5 20. Nf4 Bc8 $2 {[%mdl 8192]} (20... Rfe8 $15 {keeps the upper hand.}) 21. Re1 $18 Re8 22. Bd5 {[%cal Rf4e6]} Nxf4 23. Bxf4 $2 (23. Rxe7 $18 Nh3+ 24. Kg2 Rxe7 25. g4 $1 {[%mdl 576] Decoy} Bxg4 26. Qc4 {[%mdl 64] Double Attack}) 23... Qxe1+ $11 24. Rxe1 Rxe1+ 25. Kg2 Ra8 26. Qc2 Bb6 $1 27. Be4 {[#]} ({White should play} 27. Bc7 $15) 27... Bg4 $1 $17 28. Bxb7 {[#]} Rae8 $1 29. Ba6 $2 {[%mdl 8192] [#]} (29. Qa4 $17) 29... R1e2 $1 $19 {[%mdl 512]} 30. Bxe2 Rxe2 {Quite a comeback for Black. Accuracy: White = 53%, Black = 67%.} 0-1

[Event "Anderssen Memorial Open-A 2020"]
[Site "Wroclaw"]
[Date "2020.08.02"]
[Round "2.8"]
[White "Piekielny, Pawel"]
[Black "Krzywda, Andrzej"]
[Result "1-0"]
[WhiteElo "2099"]
[BlackElo "2156"]
[Annotator "TA"]
[PlyCount "161"]
[EventDate "2020.08.01"]
[EventType "swiss"]
[EventCountry "POL"]
[SourceTitle "playchess.com"]
[Source "ChessBase"]
[SourceQuality "1"]

{[%evp 26,161,10,17,9,23,11,6,21,14,16,19,14,0,0,0,0,0,0,0,0,0,8,0,0,0,23,0,116,60,137,133,173,142,225,218,324,292,376,372,358,276,232,229,432,432,387,14,14,14,14,14,14,14,14,14,14,14,14,14,14,14,68,70,129,127,227,305,1848,1878,5185,5934,5264,5392,4590,4815,1735,4086,2900,2890,2363,747,747,743,718,708,679,667,600,464,279,158,944,287,938,884,1346,1320,6570,1314,2466,12797,29958,29961,5342,158,29970,158,12845,1926,1945,1891,1696,1491,1397,558,388,373,347,285,29972,29973,29971,29973,29974,29975,29970,29975,29972,11557,29977,29979,29987,29982,29990,29991,29991,29992]} 1. e4 c6 2. d4 d5 3. Nc3 dxe4 4. Nxe4 Bf5 5. Ng3 Bg6 6. h4 h6 7. Nf3 Nd7 8. h5 Bh7 9. Bd3 Bxd3 10. Qxd3 e6 11. Bd2 Ngf6 12. O-O-O Be7 13. Kb1 O-O {13...Qb6 might become the main line.} 14. Ne4 c5 {B19: Classical Caro-Kann: 4...Bf5 main line.} 15. g4 Nxg4 16. Qe2 Qb6 {The position is equal.} 17. Ne5 Ndxe5 18. dxe5 f5 $1 19. Nc3 {aiming for f3.} Qa6 $1 {[%cal Ra6e2] And now ...Qxe2 would win.} 20. Qe1 {[#] f3 is the strong threat.} b5 $146 ({Predecessor:} 20... Qc6 21. Qe2 Qg2 22. Rhg1 Qxf2 23. Qc4 Kh8 24. Qxe6 Rae8 25. Qg6 Rd8 26. Bc1 Rxd1 27. Rxd1 Qh2 28. a3 Qxe5 29. Rd7 {½-½ (29) Maguire,G (2272)-Coyne,D (2326) ICCF email 2016}) 21. Qe2 $36 {[%mdl 2048] Black must now prevent f3. White has some pressure.} c4 22. f3 b4 23. fxg4 bxc3 24. Bxc3 Rab8 25. gxf5 Rxf5 26. Rhg1 Rbf8 (26... Ba3 $1 $11 {remains equal.} 27. Rd7 g5) 27. Rd7 (27. a3 $16) 27... Bg5 (27... R8f7 $1 $14) 28. a3 $16 Rb8 29. Ka2 Qb5 (29... Rd8 $16 30. Rgd1 Rxd7 31. Rxd7 Rf7 32. Rxf7 Kxf7) 30. Rgd1 $1 $18 a5 (30... Rb7 $142 31. R7d6 Re7) 31. Ra7 {Strongly threatening Rdd7.} Rf7 32. Rxf7 Kxf7 33. Qe4 Kg8 34. Rd6 Be7 $2 (34... a4 {was necessary.} 35. Qg6 (35. Rxe6 Bd2 $16) 35... Qe8 36. Rxe6 Qxg6 37. Rxg6 Kh7) 35. Rxe6 Bb4 36. Qc6 $2 (36. axb4 $18 axb4 37. Be1) 36... Qxc6 $11 37. Rxc6 Bxc3 38. bxc3 {[%mdl 4096] Endgame KR-KR} Rb5 39. Rxc4 Rxe5 40. Rh4 g5 41. hxg6 Kg7 42. Kb3 Kxg6 43. Kc4 Kg5 (43... h5 $11) 44. Rh2 $14 h5 (44... Re8 $14) 45. Kd4 $16 Re8 (45... Kf6 $16) 46. c4 $1 $18 h4 $2 (46... Rd8+ 47. Ke5 Rc8) 47. c5 Kg4 48. c6 Kg3 49. Rh1 h3 50. Kc5 Kg2 51. Rd1 (51. Rc1 $142 Rc8 52. Kd6) 51... h2 52. c7 Rf8 53. Rd2+ (53. Kb6 $142 Kf2 54. Kxa5) 53... Rf2 54. Rxf2+ Kxf2 55. c8=Q {White threatens Qh3 and mate.} h1=Q {KQ-KQ} 56. Qf5+ Ke1 57. Qe5+ Kd2 58. c4 {Threatening mate with Qd5+.} Kc2 $2 (58... Qh3 $16) 59. Kb5 $2 (59. Kb6 $1 Qa8 60. Qd6 (60. Qxa5 Qb8+ 61. Ka6 Qd6+ 62. Kb7 Qe7+ 63. Kb6 Qd6+ 64. Kb7 Qe7+ 65. Qc7 Qxa3 $18)) 59... Kb3 $2 (59... Qb7+ 60. Kxa5 Qa8+ 61. Kb4 Qb7+ 62. Qb5 Qe4) 60. Qe3+ Ka2 61. Qd2+ Kxa3 62. Qxa5+ Kb3 {[#]} 63. c5 $1 {[%cal Rc5c6]} Qf1+ 64. Kb6 Qf2 65. Qb5+ $2 (65. Ka6 $18 Qf8 66. c6 Qc8+ 67. Kb5) 65... Ka3 $2 (65... Kc3 $16 66. Qa4 Qg1 67. Qa5+ Kc4 68. Qb5+ Kd5 69. Qd3+ Ke5) 66. Qd3+ $2 (66. Ka6 {mates} Qf8 67. Qa5+ Kb2 68. c6 Qc8+ 69. Kb5 Qe8 70. Qb4+ Ka2 71. Qc4+ Ka3 72. Qd3+ Kb2 73. Qd2+ Kb1 74. Qd1+ Ka2 75. Qd6 Qe2+ 76. Kb6) 66... Ka4 $2 {This costs Black the game.} (66... Kb4 $16) 67. Qe4+ (67. Qc4+ $142 Ka3 68. Ka7) 67... Kb3 68. Kb5 Qf1+ {[#]} 69. Ka5 $1 Qa1+ 70. Kb6 Qg1 71. Qd3+ Kb4 72. Qb5+ Ka3 $2 (72... Kc3 $18 73. Ka6 Qg8 74. Qa5+ Kd3) 73. Ka6 Qg8 74. Qa5+ Kb3 75. c6 Qc8+ 76. Kb5 Kc2 77. Qb6 (77. c7 $142 Kd1 78. Kb6 Qe6+ 79. Ka7 Qe3+ 80. Qb6 Qa3+ 81. Kb8 Qg3 82. Qe6) 77... Kb3 78. c7 {White mates.} Qe8+ 79. Ka6+ Ka4 80. Qa5+ Kb3 81. Qb5+ {Accuracy: White = 74%, Black = 43%.} 1-0

[Event "Anderssen Memorial Open-A 2020"]
[Site "Wroclaw"]
[Date "2020.08.02"]
[Round "2.9"]
[White "Jankowiak, Piotr"]
[Black "Borowski, Przemyslaw"]
[Result "1/2-1/2"]
[WhiteElo "2009"]
[BlackElo "1790"]
[Annotator "TA"]
[PlyCount "88"]
[EventDate "2020.08.01"]
[EventType "swiss"]
[EventCountry "POL"]
[SourceTitle "playchess.com"]
[Source "ChessBase"]
[SourceQuality "1"]

{[%evp 13,88,56,56,39,56,56,56,54,91,84,98,55,55,60,61,53,68,55,64,34,92,74,105,50,108,33,118,123,116,0,34,11,17,0,108,106,112,7,25,8,0,-470,-444,-466,-468,-468,-458,-417,-378,-364,-283,-371,-386,-372,-258,-274,-263,-293,-54,-29998,0,0,136,133,103,92,119,0,0,0,0,0,0,0,0,0,0]} 1. e4 c5 2. Nf3 e6 3. d4 cxd4 4. Nxd4 Nc6 5. a3 a6 6. c4 Qc7 7. Nc3 Nf6 8. Be2 {B41: Sicilian: Kan Variation: 5 c4.} b6 9. Be3 Bb7 10. f3 {White is slightly better.} d6 11. Rc1 {Hoping for Nd5!} Nxd4 12. Bxd4 (12. Qxd4 {is more complex.} Rb8 13. b4 Be7 14. Qxb6 Qxb6 15. Bxb6 Bxe4 16. Bc7) 12... Be7 13. O-O O-O 14. Qd2 {[#]} Rab8 $146 ({Predecessor:} 14... Rac8 15. Rfd1 Nd7 16. b4 Qb8 17. Bf1 Bd8 18. Qf2 Bc7 19. Qg3 f6 20. Qg4 Rce8 {1-0 (46) Romon Poves,R (2230)-Roche Simon,M (2208) Aragon 2005}) 15. Rfd1 Nd7 16. Bf1 f5 (16... Nc5 $14) 17. exf5 $16 Rxf5 18. Re1 (18. Bd3 $16 {Threatens to win with Nd5!} Bg5 19. Be3 Bxe3+ 20. Qxe3) 18... Nc5 (18... Bh4 $14) 19. Qe2 (19. Qc2 $1 $16) 19... e5 (19... Bh4 $14) 20. Bf2 Bg5 21. Be3 (21. Rcd1 $16) 21... Rbf8 22. Nd5 Qf7 23. Rcd1 Ne6 (23... Bxe3+ $11 24. Qxe3 b5) 24. Bxb6 Nf4 25. Nxf4 ({Better is} 25. Qc2 $16) 25... Bxf4 $11 26. Be3 Qg6 {And now ...Bxh2+! would win.} 27. Rd5 $2 {[%mdl 8192]} (27. Bxf4 $11 {and White is okay.} Rxf4 28. Qd3) 27... Bxd5 28. cxd5 Bxe3+ 29. Qxe3 {Threatening Bd3.} Rxf3 $1 30. Qd2 R3f4 31. Bxa6 Qf5 32. b4 Rf2 33. Qe3 Qc2 34. Be2 R2f4 35. Rc1 Qa4 $2 (35... Qb2 $19 {...Re4! is the strong threat.} 36. g3 Re4 $1 {[%mdl 576] Deflection} 37. Qxe4 Qxc1+ 38. Kg2 Qxa3) 36. Rc6 $2 {[%mdl 8192] [#]} (36. h3 $15) 36... Rd4 $2 (36... Qd1+ $1 {[%mdl 512] mates} 37. Bxd1 Rf1#) 37. h3 Rd1+ (37... Qa7 $11 {keeps the balance.} 38. Kh2 Qe7) 38. Bxd1 $16 Qxd1+ {[%mdl 4096] Endgame KQR-KQR} 39. Kh2 Qxd5 40. Qb6 (40. Rc7 $16) 40... Qe4 {The position is equal.} 41. Rxd6 Qf4+ 42. Kg1 Qf1+ 43. Kh2 {aiming for Qe3.} Qf4+ 44. Kg1 Qf1+ {Whites escaped into a draw. Accuracy: White = 55%, Black = 54%.} 1/2-1/2

[Event "Anderssen Memorial Open-A 2020"]
[Site "Wroclaw"]
[Date "2020.08.02"]
[Round "2.10"]
[White "Kowalczyk, Wojciech"]
[Black "Malecki, Rafal"]
[Result "1/2-1/2"]
[WhiteElo "1873"]
[BlackElo "2071"]
[Annotator "TA"]
[PlyCount "89"]
[EventDate "2020.08.01"]
[EventType "swiss"]
[EventCountry "POL"]
[SourceTitle "playchess.com"]
[Source "ChessBase"]
[SourceQuality "1"]

{[%evp 24,89,41,14,50,44,93,83,79,50,56,40,49,43,52,38,39,31,31,6,0,4,5,-4,6,-15,-16,-10,-10,-11,-5,-8,0,0,0,-41,-36,-40,-23,-29,-22,-33,-24,-32,-5,-11,0,-61,-60,-56,-40,-50,-30,-30,-26,-79,0,-17,-4,-15,489,-20,0,-15,-18,-30,152,0]} 1. e4 g6 2. d4 d6 3. Nc3 Bg7 4. Nf3 Nf6 5. Be2 O-O 6. O-O Bg4 7. Be3 Nc6 8. Qd2 Bxf3 9. Bxf3 e5 10. dxe5 dxe5 11. Rad1 Qc8 12. Qc1 Re8 13. h3 h5 {B08: Pirc Defence: Classical System.} 14. Be2 {[#]} Nh7 $146 ({Predecessor:} 14... a6 15. a3 Nh7 16. Bc4 Nd4 17. f4 c5 18. Nd5 b5 19. Bxd4 exd4 20. Be2 Qc6 21. Bf3 {1-0 (54) Correia,M (2116)-Morais,V (2067) Lisbon 1999}) 15. Bb5 Nf8 {White is better.} 16. Ne2 Qe6 17. a3 a6 18. Ba4 Red8 19. Bb3 Qe7 20. Rxd8 (20. Bd5 {with more complications.} Rd7 21. f4 exf4 22. Nxf4 Nd8 23. Nd3) 20... Nxd8 21. Bd5 c6 22. Bb3 Nde6 23. c3 Rd8 24. Bb6 Rd7 25. Rd1 Bf6 26. Rxd7 Nxd7 27. Be3 Ndc5 28. Bc2 Bg5 29. Bxc5 Nxc5 30. Qd1 Kg7 31. b4 Ne6 32. Bb3 Nc7 33. Qd3 Nb5 34. a4 Nd6 35. c4 (35. g3 $11) 35... Ne8 36. c5 a5 $1 37. Qc4 axb4 38. Qxb4 Qd7 39. Kh2 (39. Qc3 $11 {keeps the balance.}) 39... Be7 (39... Nf6 $17) 40. Qc4 Bf8 41. Nc1 Be7 $2 {[%mdl 8192] [#]} (41... Nc7 $11 {and Black stays safe.}) 42. Ne2 $2 (42. Qxf7+ $18 Kh6 43. Be6) 42... Bf8 43. Nc1 Nc7 44. Nd3 Ne8 $2 (44... Ne6 $11) 45. Nc1 $2 {Accuracy: White = 67%, Black = 71%.} ({White should play} 45. Nxe5 $16 Qe7 46. Nxf7 Qxc5 47. e5 (47. Qe6 Qxf2 48. Ne5 Qf4+ {[%mdl 64] Double Attack} 49. Kh1 Qf1+ 50. Kh2 Qf4+ {[%mdl 64] Double Attack} 51. Kh1 Qf1+ 52. Kh2 Qf4+ $11 {[%mdl 64] Double Attack}) 47... Qxc4 48. Bxc4) 1/2-1/2

[Event "Anderssen Memorial Open-A 2020"]
[Site "Wroclaw"]
[Date "2020.08.02"]
[Round "2.11"]
[White "Burian, Simon"]
[Black "Roessler, Frank-Peter"]
[Result "1/2-1/2"]
[WhiteElo "2073"]
[BlackElo "1902"]
[Annotator "TA"]
[PlyCount "108"]
[EventDate "2020.08.01"]
[EventType "swiss"]
[EventCountry "POL"]
[SourceTitle "playchess.com"]
[Source "ChessBase"]
[SourceQuality "1"]

{[%evp 14,108,14,5,83,50,103,44,64,33,31,15,15,4,5,19,25,12,7,0,0,0,11,-14,0,0,0,-15,-2,-14,0,0,0,-35,-30,-58,-61,-67,-74,-69,-67,-58,-54,-68,-70,-79,-21,-19,-18,-21,-13,-17,-16,-16,0,-15,-15,-15,-8,-11,-16,-12,0,-1,0,0,0,0,0,0,0,0,0,-6,0,-8,-8,-12,-8,-8,-8,-8,-4,-3,-3,-4,0,0,0,0,0,0,0,0,0,0,0]} 1. e4 e6 2. d4 d5 3. Nd2 dxe4 4. Nxe4 Nd7 5. Nf3 Ndf6 6. Nxf6+ Nxf6 7. Bc4 {Recently 7.c3 got a lot of attention.} c5 8. O-O Bd7 {C10: French with 3 Nc3: Unusual Black 3rd moves and 3...dxe4.} (8... cxd4 $11 {remains equal.} 9. Nxd4 Bd7) 9. Qe2 Qb6 {[#]} (9... cxd4 $14 10. Bf4 (10. Nxd4 Rc8 $14) 10... Be7) 10. Rd1 (10. d5 $1 $16) 10... cxd4 $14 {White is slightly better.} 11. Bg5 Be7 12. Ne5 Rd8 13. c3 O-O 14. Rxd4 {[#]} Bc8 $146 ({Predecessor:} 14... Ba4 15. Rxd8 Rxd8 16. Re1 Be8 17. Bd3 Qc7 18. Bc2 Bc6 19. Nxf7 Kxf7 20. Qxe6+ Kf8 21. Bxf6 gxf6 22. Bb3 {1-0 (22) Svobodova,M (2051)-Molnar,J (1877) Novy Bor 2013}) 15. Rad1 Rxd4 16. cxd4 h6 17. Bc1 Rd8 18. Bd3 Kf8 19. Be3 Qa5 20. Bb1 Qd5 21. Qd2 Bd6 22. f3 b6 23. a3 (23. Bxh6 $5 Ke8 24. Be3 $16) 23... Bb7 24. b4 Qb3 {White must now prevent ...Bxe5.} 25. Qd3 Qxd3 26. Bxd3 Nd5 27. Bd2 f6 28. Nc4 Bb8 29. b5 {[#]} Kf7 ({Black should try} 29... Ne7 $1 $17) 30. a4 $11 {The position is equal.} Nf4 31. Bxf4 Bxf4 32. g3 Bb8 33. Kf2 g5 34. a5 bxa5 35. Nxa5 Bd5 36. Nc6 Bxc6 37. bxc6 {[%mdl 4096] Endgame KRB-KRB} Bc7 38. Rb1 Rd6 39. Be4 {Hoping for Rb7.} Ke7 40. Rb7 {[%mdl 64] Double Attack} Kd8 41. Rxa7 f5 42. Ra8+ Ke7 43. Bd3 Rxd4 44. Ke2 Rb4 45. Kd2 Kd6 46. Rh8 Ba5 {Strongly threatening ...Rb8+.} 47. Kc2 Rb6 48. Rxh6 Rxc6+ 49. Kd1 Ke5 50. h4 gxh4 51. Rxh4 Rc3 52. Ke2 Ra3 53. Rc4 Ra1 54. g4 fxg4 {Accuracy: White = 85%, Black = 91%.} 1/2-1/2

[Event "Anderssen Memorial Open-A 2020"]
[Site "Wroclaw"]
[Date "2020.08.02"]
[Round "2.12"]
[White "Vanduyfhuys, Daria"]
[Black "Peglau, Markus"]
[Result "1-0"]
[WhiteElo "1985"]
[BlackElo "1910"]
[Annotator "TA"]
[PlyCount "51"]
[EventDate "2020.08.01"]
[EventType "swiss"]
[EventCountry "POL"]
[SourceTitle "playchess.com"]
[Source "ChessBase"]
[SourceQuality "1"]

{[%evp 25,51,31,44,37,61,70,72,59,93,82,91,0,0,1,14,0,51,3,65,0,0,0,0,2,6,0,29998,29999]} 1. d4 Nf6 2. c4 e6 3. Nf3 d5 4. Nc3 Be7 5. Bg5 O-O 6. e3 Nbd7 7. Bd3 c6 8. cxd5 exd5 9. O-O Ne4 10. Bxe7 Qxe7 11. Qc2 f5 12. Rab1 a5 13. a3 Ndf6 14. b4 {D35: Queen's Gambit Declined: Exchange Variation.} Nxc3 15. Qxc3 Ne4 16. Qc2 {[#] White is better.} f4 $146 ({Predecessor:} 16... Rf6 17. Rfc1 f4 18. Re1 axb4 19. axb4 Ra3 20. Ne5 fxe3 21. fxe3 Rf2 22. Re2 Rxe2 23. Bxe2 Rxe3 24. Rb3 Qh4 {0-1 (24) Charalambous,C-Martidis,A (2259) Limassol 2009}) 17. Ne5 fxe3 {[#]} 18. fxe3 ({White should play} 18. f3 $1 $16 {[%cal Rf3e4]} Nf6 19. Rfe1) 18... Rxf1+ $11 19. Rxf1 axb4 20. axb4 {[%cal Ba3b4,Bb4b5][%mdl 32]} Nf6 (20... Qg5 $11) 21. b5 Bd7 (21... cxb5 $11 22. Rc1 (22. Bxb5 Ng4 $14) 22... Be6) 22. e4 (22. bxc6 $14 bxc6 23. Rb1) 22... dxe4 23. Bxe4 {[%cal Rb5c6]} Qb4 24. Nxd7 Qxd4+ 25. Kh1 Nxe4 $4 {[%mdl 8192] [#]} (25... Qxd7 $11 26. bxc6 bxc6) 26. Qa2+ $1 {[%mdl 576] Back Rank. Accuracy: White = 59%, Black = 65%.} 1-0